000
00252nam a22000977a 4500
008
140211t xxu||||| |||| 00| 0 eng d
100
_a
Dr. M. Basharat Ali
_9
717
245
_a
Laws and Principles of Quranic Sociology
300
_a
6, 143 p.
942
_2
ddc
_c
BK
999
_c
16975
_d
16975